00303nam a2200121Ia 4500008004100000041000800041082001400049100001700063245003000080260003500110300001900145999001700164241015s9999 xx 000 0 und d aeng a615.32 SH aMary Shipley aAromatherapy For Everyone bSquareone PubishersaUSAc2019 a171;. P. 22 cm c41678d41678